00750nam a2200217 i 4500003000900000005001700009007000300026008004100029020001800070040003000088082001200118100005100130245009100181264004500272300002800317336002700345337003400372338002800406500006900434700002900503DO-SdBNP20240314145613.0ta240314s2022 dr 000 j spa d a9789945182453 aDO-SdBNPbspacBNPHUerda bJ61222 aJiménez, Mitrid1985-qMitrídate Jiménez13aMi abuela le puso un mal nombre a su perro /cMitri Jiménez ; edición Ruth Herrera 1aSanto Domingo :bAmigo del Hogar,c2022. a62 páginas, c22 cm. 2rdacontentatextobtxt 2rdamediaasin mediación bn 2rdacarrieravolumenbnc aIncluye datos biografícos de la autora en las páginas 60-62.1 aHerrera, Rutheedición